000 00795nam a22002297a 4500
999 _c65911
_d65911
005 20240530110849.0
008 200912s2020 ua a f b 000 0dara d
017 _a2016/17497
_bمصر. دار الكتب
020 _a9789777800716
040 _aEG-CaGPL
_cEG-CaGPL
082 0 4 _221
_a510\
_bإ ت
100 0 _aابراهيم محمد عبدالله حسن
245 1 0 _aتاريخ الرياضيات /
_cابراهيم محمد عبدالله حسن
250 _aط.2
260 _aالقاهرة :
_bعالم الكتب،
_c2020
300 _a317 ص. ؛
_c24 سم.
504 _aيشتمل على ارجاعات ببليوجرافية
650 0 7 _aالرياضيات
_2qrmak
_xتاريخ
651 _2qrmak
942 _2ddc
_cBK